00670nam a22001937a 4500003000400000005001700004008004100021040000900062245007200071260003100143260004500174300001000219500004800229500010300277610003200380650002300412650002100435710002000456OSt20130521160221.0130424s2005 sp ||||| |||| 00| 0 spa d cCDMR10aTrazosb: un siglo de ilustración y buen humor en Mundo Deportivo aBarcelonabMundo Deportivo aMadridbObra social Caja MadridcDL 2005 a95 p. aA la portada: 100 Mundo Deportivo 1906 2006 aCatàleg de l'exposició celebrada al Espai Cultural de l'Obra Social de Caja Madrid a Barcelona2 aMundo DeportivoxHistòria04aHumorisme gràfic04aPremsa esportiva2 aMundo Deportivo